Internacionalización y expansión de las empresas eléctricas españolas en América Latina

Saved in:
Bibliografiske detaljer
Hovedforfatter: Rozas Balbontín, Patricio (Author)
Format: Bog
Sprog:spansk
Udgivet: Santiago LOM 2009
Udgivelse:1a. ed
Serier:Colección Ciencias Humanas
Fag:
Tags: Tilføj Tag
Ingen Tags, Vær først til at tagge denne postø!

MARC

LEADER 00000nam a2200000 a 4500
001 UCH9155
003 CL-VaPUC
008 091224e20090000CL |||||||||||||||||spa|d
020 |a 9789560000897 
082 0 4 |a 658  |b ROZ  |2 21 
100 0 |a Rozas Balbontín, Patricio  |e author  |9 546078 
245 1 0 |a Internacionalización y expansión de las empresas eléctricas españolas en América Latina 
250 |a 1a. ed 
300 |a 269 p 
942 |c BK 
945 |d 20091224 00:00:00  |a cmena 
260 |a Santiago  |b LOM  |c 2009 
650 7 |a EMPRESAS ELECTRICAS  |2 CL-VaPUC  |9 257194 
650 0 |a Administración de empresas   |9 260833 
650 0 |a Planificación estratégica   |9 259735 
650 7 |a INVERSION EXTRANJERA  |2 CL-VaPUC  |9 345101 
650 0 |a Energía eléctrica  |9 256678 
651 0 |a España  |9 254926 
651 0 |a América Latina   |9 255027 
583 |a last modification  |c 20091224 00:00:00  |k Rodrigo Vera 
490 0 |a Colección Ciencias Humanas 
999 |c 339216  |d 339214 
952 |0 0  |1 0  |4 0  |6 658_000000000000000_ROZ_2009  |7 0  |8 C  |9 432708  |a BIBCUR  |b BIBCUR  |d 2019-11-22  |i 4627407  |o 658 ROZ 2009  |p 4627407  |r 2025-04-22  |w 2019-11-22  |y BK  |k CAC